Technology, Agility and Transformation: (Record no. 201166)

MARC details
000 -LEADER
fixed length control field 00725nam a22002177a 4500
005 - DATE AND TIME OF LATEST TRANSACTION
control field 20240229160711.0
010 ## - LCCN (DPL NO)
LC control number ENG-139177
020 ## - INTERNATIONAL STANDARD BOOK NUMBER
International Standard Book Number 9789390951468
Terms of availability 1200.00
035 ## - SYSTEM CONTROL NUMBER
System control number EN-122709
037 ## - SOURCE OF ACQUISITION
Stock number dpl
037 ## - SOURCE OF ACQUISITION
Source of stock number/acquisition DBAD/PUB
082 ## - DEWEY DECIMAL CLASSIFICATION NUMBER
Classification number 658.4022
245 ## - TITLE STATEMENT
Title Technology, Agility and Transformation:
Remainder of title Emergent Business Practices/
Statement of responsibility, etc Edited by Tejas Shah; Mayank Bhatia and Samik Shome
260 ## - PUBLICATION, DISTRIBUTION, ETC. (IMPRINT)
Place of publication, distribution, etc New Delhi
Name of publisher, distributor, etc Allied Publishers
Date of publication, distribution, etc 2023
270 ## - ADDRESS
Address 1/13-14 Asaf Ali Road
City New Delhi
Postal code 110002
300 ## - PHYSICAL DESCRIPTION
Extent x,314p
Dimensions 24cm(hbk)
700 ## - ADDED ENTRY--PERSONAL NAME
Personal name Shah, Tejas
Relator term Editor
9 (RLIN) 62640
700 ## - ADDED ENTRY--PERSONAL NAME
Personal name Bhatia, Mayank
Relator term Editor
9 (RLIN) 62641
700 ## - ADDED ENTRY--PERSONAL NAME
Personal name Shome, Samik
Relator term Editor
9 (RLIN) 62642
942 ## - ADDED ENTRY ELEMENTS (KOHA)
Source of classification or shelving scheme Dewey Decimal Classification
Item type English Books
Classification part 658.4022
Call number suffix TEC
Holdings
Withdrawn status Lost status Not for loan Collection code Home library Current library Date acquired Source of acquisition Cost, normal purchase price Full call number Barcode Copy number Cost, replacement price Koha item type
      Non-fiction Peshwa Road Peshwa Road 29/02/2024 DBAD/PUB 1200.00 658.4022 TEC EN-122709 1 1200.00 English Books

© Delhi Public Library
Hit Counter
free hit counter